000 00931nam a2200205Ii 4500
003 JO-AjNU
008 230605s9999||||xx |||||||||||||| ||und||
017 _a2006/5/1277
040 _aJO-AjNU
_bara
_erda
_cJO-AjNU
041 _aara
050 1 4 _aBP193.1.I29 2006
100 3 _aالحسني، أحمد بن محمد بن الصديق الغماري ؛ اشراف: علوي بن حامد بن محمد بن شهاب الدين,
_eauthor
_912850
245 0 0 _aفتح الملك العلي بصحة حديث باب مدينة العلم علي
264 3 1 _aاربد: دار الكتاب الثقافي للطباعة والنشر والتوزيع، 2006
300 _a189ص
_bمراجع الكتاب ص 165-177 ؛ فهارس عامة ص 179-183
336 _atext
_btxt
_2rdacontent
337 _aunmediated
_bn
_2rdamedia
338 _avolume
_bnc
_2rdacarrier
650 4 _aالحديث- اسناد- اسناد الحديث
_912851
999 _aA3045
_c6613
_d6613